000 00585nam a2200205Ia 4500
003 IN-BaIIA
008 211028s9999 xx 000 0 eng d
020 _a0-584-70002-4
040 _cIIA Library
080 _a[8]:01:00
_bAST
245 0 _aAstronomers
_cedited by David Abbott
260 _aNew York
_bPeter Bedrick Books
_c1984
300 _a203p.
490 _aThe biographical dictionary of scientists
650 _aAstronomy
_980
650 _aAstronomy and astrophysics thesaurus
650 _aBiography
_91224
700 _aAbbott, David .,ed.
_917538
942 _cBK
999 _c10319
_d10319